=LDR 00000nam 2200000 4500 =001 INLIS000000000051150 =005 20200303034837 =035 ##$$a 0010-0817000333 =007 ta =008 200303################g##########e#ind## =020 ##$$a 978.602.7929.60-9 =082 ##$$a 297.728 =084 ##$$a 297.728 UMA k =100 #$$a Umarulfaruq A =245 1#$$a Kumpulan kultum pelembut hati : $b Menggugah semangat, menyuburkan hati, dan mengokohkan jiwa sepanjang hari sepanjang masa /$c Umarulfaruq A., Lc =260 ##$$a Surakarta :$b Nahad Books,$c 2013 =300 ##$$a 240 hlm. ; $c 13 x 21 cm =500 ##$$a Biografi : hlm. 232 - 233 =650 #4$$a Dakwah Islam =504 ##$$a Bibliografi : hlm. 230 - 231 =250 ##$$a cet.1 =990 ##$$a 21704665 =990 ##$$a 21704664 =990 ##$$a 21704663 =990 ##$$a 21704662 =990 ##$$a 21704661 =990 ##$$a 21704665 =990 ##$$a 21704664 =990 ##$$a 21704663 =990 ##$$a 21704662 =990 ##$$a 21704661 =990 ##$$a 21704663 =990 ##$$a 21704665 =990 ##$$a 21704664 =990 ##$$a 21704662 =990 ##$$a 21704661 =990 ##$$a 21704661 =990 ##$$a 21704665 =990 ##$$a 21704664 =990 ##$$a 21704663 =990 ##$$a 21704662 =990 ##$$a 21704664 =990 ##$$a 21704665 =990 ##$$a 21704663 =990 ##$$a 21704662 =990 ##$$a 21704661 =990 ##$$a 21704661 =990 ##$$a 21704665 =990 ##$$a 21704664 =990 ##$$a 21704663 =990 ##$$a 21704662